000 00578nam a22002051a 4500
001 5866
003 OSt
005 20260204212031.0
008 060214s2005||||mx ||||||b||||||||||spa||
020 _a9706863516
050 _a658.15 M874a
100 _aMoyer, R. Charles
245 _aAdministración financiera contemporánea / R. Charles Moyer, James R. Mcguigan y William J. Kretlow
250 _a9
264 _aMéxico : Thomson
300 _a819 p
650 _a1.Administración Financiera
700 _aMcguigan, James R. II.Kretlow, William J.Ì
942 _2ddc
_cBK
999 _c5866
_d5866